Preceptiva dramática española: del renacimiento y el barroco

সংরক্ষণ করুন:
গ্রন্থ-পঞ্জীর বিবরন
প্রধান লেখক: Sánchez Escribano, Federico
বিন্যাস: গ্রন্থ
ভাষা:Undetermined
প্রকাশিত: Madrid, España Gredos 1965
বিষয়গুলি:
ট্যাগগুলো: ট্যাগ যুক্ত করুন
কোনো ট্যাগ নেই, প্রথমজন হিসাবে ট্যাগ করুন!

MARC

LEADER 00000nam a2200000Ia 4500
008 170316s9999 xx 000 0 und d
090 |a 801 S-6p 
100 |a Sánchez Escribano, Federico 
245 |a Preceptiva dramática española: del renacimiento y el barroco 
260 |a Madrid, España 
260 |b Gredos 
260 |c 1965 
300 |a 256 páginas 
650 |a TEORÍA LITERARIA 
650 |a TEATRO ESPAÑOL 
650 |a TEATRO DRAMATURGO 
650 |a COMEDIA ESPAÑOLA 
999 |c 20677  |d 20677 
040 |a cru BVZT 
942 |c 15 D  |h 801 S-6p  |2 z